[Event "Dortmund Sparkassen op-A 51st"]
[Site "Dortmund"]
[Date "2024.08.13"]
[Round "4"]
[White "Sondermann, Dirk"]
[Black "Hagenmeyer, Felix"]
[Result "0-1"]
[WhiteElo "1918"]
[BlackElo "1998"]
[PlyCount "69"]
[EventDate "2024.08.10"]
[EventType "swiss"]
[EventRounds "9"]
[EventCountry "GER"]
[SourceTitle "CBM 221 Extra"]
[Source "ChessBase"]
[SourceDate "2024.09.30"]
[SourceVersion "1"]
[SourceVersionDate "2024.09.30"]
[SourceQuality "1"]

1. d4 d5 2. c4 e6 3. Nc3 c5 4. cxd5 exd5 5. Nf3 Nf6 6. g3 Nc6 7. Bg2 Be7 8. 0-0 0-0 9. dxc5 Bxc5 10. Bg5 d4 11. Na4 Be7 12. Rc1 h6 13. Bxf6 Bxf6 14. Nc5 Re8 15. Re1 Qb6 16. b3 Bg4 17. h3 Bh5 18. g4 Bg6 19. Nd2 Rac8 20. Nd7 Qd8 21. Nxf6+ Qxf6 22. Nf3 Rcd8 23. Qd2 Be4 24. g5 Qg6 25. gxh6 Ne5 26. Nh4 Qf6 27. Bxe4 Qxh4 28. h7+ Kh8 29. Bg2 Re6 30. Rc5 b6 31. Rcc1 Rg6 32. Kf1 Ng4 33. hxg4 Qxg4 34. e3 Qxg2+ 35. Ke2 0-1

[Event "GER-ch Net blitz qual1"]
[Site "Playchess.com INT"]
[Date "2021.04.24"]
[Round "2"]
[White "Gustain, Marc"]
[Black "Sondermann, Dirk"]
[Result "1-0"]
[WhiteElo "1906"]
[BlackElo "1521"]
[PlyCount "33"]
[EventDate "2021.04.24"]
[EventType "swiss (blitz)"]
[EventRounds "11"]
[EventCountry "GER"]
[SourceTitle "CBM 202 Extra"]
[Source "ChessBase"]
[SourceDate "2021.07.31"]
[SourceVersion "1"]
[SourceVersionDate "2021.07.31"]
[SourceQuality "1"]

1. e4 e6 2. d4 d5 3. exd5 exd5 4. Nf3 Nc6 5. Bb5 Bd6 6. c4 dxc4 7. d5 a6 8. Ba4 b5 9. dxc6 bxa4 10. 0-0 Ne7 11. Nbd2 Be6 12. Qxa4 Bd5 13. Nxc4 Bxf3 14. Nxd6+ Qxd6 15. gxf3 0-0 16. Bf4 Qg6+ 17. Bg3 1-0

[Event "GER-ch Net blitz qual1"]
[Site "Playchess.com INT"]
[Date "2021.04.24"]
[Round "8"]
[White "Meschke, Andreas"]
[Black "Sondermann, Dirk"]
[Result "0-1"]
[WhiteElo "1745"]
[BlackElo "1521"]
[PlyCount "114"]
[EventDate "2021.04.24"]
[EventType "swiss (blitz)"]
[EventRounds "11"]
[EventCountry "GER"]
[SourceTitle "CBM 202 Extra"]
[Source "ChessBase"]
[SourceDate "2021.07.31"]
[SourceVersion "1"]
[SourceVersionDate "2021.07.31"]
[SourceQuality "1"]

1. e4 e6 2. d4 d5 3. Nc3 Nc6 4. exd5 exd5 5. Nf3 Bf5 6. Bb5 Nge7 7. 0-0 Qd6 8. Re1 0-0-0 9. a3 a6 10. Bf1 Bg4 11. Be3 Nf5 12. h3 Bxf3 13. gxf3 Qg6+ 14. Kh1 Bd6 15. Bd3 Qh5 16. Bf1 Nh4 17. f4 Qxd1 18. Raxd1 Ne7 19. Be2 h5 20. Bc1 c6 21. Na4 Kc7 22. Nc5 Nhg6 23. Bf3 Rde8 24. Nd3 f6 25. Bg2 Nf5 26. Kh2 Nxd4 27. c3 Nf5 28. Kg1 Kd7 29. Bf3 Ngh4 30. Bg2 Rxe1+ 31. Rxe1 Re8 32. Rxe8 Kxe8 33. Bf1 Ng6 34. b4 Kd7 35. Bd2 b6 36. Be2 h4 37. Bg4 Nge7 38. Ne1 Kc7 39. Nf3 Nh6 40. Nd4 Ng6 41. Ne6+ Kb7 42. Nxg7 Nxf4 43. Nh5 Nxh5 44. Bxh5 Nf5 45. Bg4 Ne7 46. Be3 f5 47. Bf3 f4 48. Bd4 Nf5 49. Bf6 c5 50. Bg4 cxb4 51. axb4 Nh6 52. Bxh4 a5 53. bxa5 bxa5 54. Be6 Kc6 55. Bg5 a4 56. Bxh6 a3 57. c4 a2 0-1

[Event "GER-ch Net blitz qual1"]
[Site "Playchess.com INT"]
[Date "2021.04.24"]
[Round "11"]
[White "Sondermann, Dirk"]
[Black "Lenhard, Alexander"]
[Result "1-0"]
[WhiteElo "1521"]
[BlackElo "1653"]
[PlyCount "67"]
[EventDate "2021.04.24"]
[EventType "swiss (blitz)"]
[EventRounds "11"]
[EventCountry "GER"]
[SourceTitle "CBM 202 Extra"]
[Source "ChessBase"]
[SourceDate "2021.07.31"]
[SourceVersion "1"]
[SourceVersionDate "2021.07.31"]
[SourceQuality "1"]

1. d4 d6 2. c4 c6 3. Nf3 e6 4. Nc3 Nf6 5. g3 g6 6. Bg2 Bg7 7. 0-0 0-0 8. Qc2 Nbd7 9. b3 c5 10. Rd1 cxd4 11. Nxd4 Ne5 12. Ndb5 d5 13. Ba3 Re8 14. Nd6 Bf8 15. Nxe8 Bxa3 16. Nxf6+ Qxf6 17. cxd5 Bc5 18. Ne4 Qf5 19. Qxc5 exd5 20. Qd4 Be6 21. Nd6 Qc2 22. Qxe5 Re8 23. Nxe8 Kf8 24. Nc7 b6 25. Nxe6+ fxe6 26. Qxe6 d4 27. Rac1 Qf5 28. Rc8+ Kg7 29. Qe7+ Kh6 30. Qh4+ Kg7 31. Rc7+ Kf8 32. Qxh7 Qf6 33. Rc8+ Qd8 34. Rxd8# 1-0

[Event "GER Cup Net V3 U2000"]
[Site "Playchess.com INT"]
[Date "2020.05.27"]
[Round "4"]
[White "Sondermann, Dirk"]
[Black "Braeutigam, Katerina"]
[Result "1-0"]
[WhiteElo "1686"]
[BlackElo "1506"]
[PlyCount "105"]
[EventDate "2020.05.27"]
[EventType "swiss (blitz)"]
[EventRounds "9"]
[EventCountry "GER"]
[SourceTitle "EXT 2021"]
[Source "ChessBase"]
[SourceDate "2020.10.23"]
[SourceVersion "1"]
[SourceVersionDate "2020.10.23"]
[SourceQuality "1"]

1. d4 Nf6 2. Nf3 d5 3. c4 c6 4. Nc3 Bf5 5. e3 e6 6. Bd3 Bxd3 7. Qxd3 Bd6 8. 0-0 0-0 9. b3 Nbd7 10. h3 Re8 11. Bb2 dxc4 12. bxc4 e5 13. Ne4 Nxe4 14. Qxe4 exd4 15. Qxd4 Ne5 16. Nxe5 Bxe5 17. Qxd8 Raxd8 18. Bxe5 Rxe5 19. Rab1 Re7 20. Rfd1 Red7 21. Rxd7 Rxd7 22. Kf1 Kf8 23. Ke2 Ke7 24. f4 Kd8 25. g4 Kc7 26. Rb3 Kd6 27. e4 Kc5 28. Rc3 Rd4 29. Ke3 Rd7 30. Rd3 Rxd3+ 31. Kxd3 Kb4 32. e5 b5 33. cxb5 cxb5 34. Kd4 Ka3 35. f5 Kxa2 36. e6 fxe6 37. fxe6 b4 38. e7 b3 39. e8Q b2 40. Qa4+ Kb1 41. Qxa7 Kc1 42. Qc5+ Kd2 43. Qb4+ Kc1 44. Qc3+ Kb1 45. Ke5 Ka2 46. Qc2 Ka1 47. g5 b1Q 48. Qxb1+ Kxb1 49. Ke6 Kc2 50. Kf7 Kd3 51. Kxg7 Ke4 52. Kxh7 Kf5 53. g6 1-0

[Event "GER Cup Net V3 U2000"]
[Site "Playchess.com INT"]
[Date "2020.05.27"]
[Round "7"]
[White "Sondermann, Dirk"]
[Black "Moewisch, Dave"]
[Result "0-1"]
[WhiteElo "1686"]
[BlackElo "1773"]
[PlyCount "44"]
[EventDate "2020.05.27"]
[EventType "swiss (blitz)"]
[EventRounds "9"]
[EventCountry "GER"]
[SourceTitle "EXT 2021"]
[Source "ChessBase"]
[SourceDate "2020.10.23"]
[SourceVersion "1"]
[SourceVersionDate "2020.10.23"]
[SourceQuality "1"]

1. d4 d5 2. Nf3 c5 3. g3 Nc6 4. Bg2 Nf6 5. 0-0 Bf5 6. c3 e6 7. h3 Be7 8. dxc5 Bxc5 9. b4 Bd6 10. Nbd2 0-0 11. Nb3 Qb6 12. Be3 Qc7 13. Rc1 Ne4 14. g4 Bg6 15. Nh4 Qe7 16. Nxg6 hxg6 17. Bxe4 dxe4 18. Bc5 Bxc5 19. Nxc5 Rad8 20. Qc2 e3 21. f4 Qh4 22. Kh2 Rd2 0-1

[Event "GER Cup Net V3 U2000"]
[Site "Playchess.com INT"]
[Date "2020.05.27"]
[Round "8"]
[White "Sondermann, Dirk"]
[Black "Morczynski, Joachim"]
[Result "1-0"]
[WhiteElo "1686"]
[BlackElo "1560"]
[PlyCount "69"]
[EventDate "2020.05.27"]
[EventType "swiss (blitz)"]
[EventRounds "9"]
[EventCountry "GER"]
[SourceTitle "EXT 2021"]
[Source "ChessBase"]
[SourceDate "2020.10.23"]
[SourceVersion "1"]
[SourceVersionDate "2020.10.23"]
[SourceQuality "1"]

1. d4 Nf6 2. Nf3 g6 3. c4 Bg7 4. Nc3 d6 5. e4 0-0 6. Be2 e5 7. 0-0 Na6 8. h3 c6 9. Re1 Nc7 10. Bf1 Re8 11. d5 cxd5 12. cxd5 b6 13. Be3 Ba6 14. Rc1 Bxf1 15. Rxf1 Na6 16. Nd2 Nc5 17. Qe2 Nfd7 18. b4 Na6 19. Qxa6 f5 20. f3 f4 21. Bf2 g5 22. Nb5 Nf6 23. Rc7 h5 24. Rfc1 g4 25. Bh4 gxh3 26. gxh3 Kh7 27. Kh2 Rg8 28. Qb7 Rb8 29. Qc6 Qe8 30. Nxd6 Qxc6 31. R1xc6 Ne8 32. Nxe8 Rgxe8 33. Rxa7 b5 34. Rcc7 Rg8 35. Bf6 1-0

[Event "GER Cup Net V3 U2000"]
[Site "Playchess.com INT"]
[Date "2020.05.27"]
[Round "9"]
[White "Stumpf, Daniel"]
[Black "Sondermann, Dirk"]
[Result "1-0"]
[WhiteElo "1756"]
[BlackElo "1686"]
[PlyCount "79"]
[EventDate "2020.05.27"]
[EventType "swiss (blitz)"]
[EventRounds "9"]
[EventCountry "GER"]
[SourceTitle "EXT 2021"]
[Source "ChessBase"]
[SourceDate "2020.10.23"]
[SourceVersion "1"]
[SourceVersionDate "2020.10.23"]
[SourceQuality "1"]

1. c4 f5 2. Nc3 Nf6 3. g3 d6 4. Bg2 e5 5. e3 g6 6. Nge2 Bg7 7. 0-0 0-0 8. b4 Nbd7 9. d4 c6 10. b5 Qc7 11. bxc6 bxc6 12. Qa4 e4 13. Nf4 Nb6 14. Qb3 c5 15. Ba3 g5 16. Nfd5 Nfxd5 17. Nxd5 Nxd5 18. cxd5 cxd4 19. Rfc1 Qb6 20. exd4 Bxd4 21. Qxb6 axb6 22. Bxd6 Bxa1 23. Bxf8 Kxf8 24. Rxa1 Ke7 25. f3 e3 26. f4 Kd6 27. fxg5 Bb7 28. h4 Ke5 29. Kf1 Bxd5 30. Bxd5 Kxd5 31. a4 Ke4 32. Ke2 Rd8 33. Rd1 Rxd1 34. Kxd1 Kf3 35. Ke1 Kxg3 36. h5 f4 37. g6 f3 38. g7 f2+ 39. Ke2 Kf4 40. g8Q 1-0

[Event "GER Cup Net V3 U2000"]
[Site "Playchess.com INT"]
[Date "2020.05.27"]
[Round "3"]
[White "Weidenhoefer, Max"]
[Black "Sondermann, Dirk"]
[Result "1-0"]
[WhiteElo "1781"]
[BlackElo "1686"]
[PlyCount "89"]
[EventDate "2020.05.27"]
[EventType "swiss (blitz)"]
[EventRounds "9"]
[EventCountry "GER"]
[SourceTitle "EXT 2021"]
[Source "ChessBase"]
[SourceDate "2020.10.23"]
[SourceVersion "1"]
[SourceVersionDate "2020.10.23"]
[SourceQuality "1"]

1. e4 e6 2. d4 d5 3. e5 c5 4. c3 Nc6 5. Nf3 Bd7 6. Be2 Qc7 7. Na3 a6 8. Nc2 cxd4 9. cxd4 f6 10. exf6 Nxf6 11. 0-0 Bd6 12. a3 0-0 13. b4 Rac8 14. Bb2 Qb6 15. Rc1 Na5 16. Ne3 Nc6 17. Qd3 Ne7 18. Ne5 Bb5 19. Qd2 Ne4 20. Qe1 Bxe5 21. dxe5 Rxc1 22. Bxc1 Bxe2 23. Qxe2 Nf5 24. Bb2 Qd8 25. Nxf5 Rxf5 26. f4 Qb6+ 27. Kh1 Qd8 28. g4 Qh4 29. Qg2 Rf8 30. f5 exf5 31. gxf5 Ng5 32. f6 Qe4 33. Qxe4 Nxe4 34. Kg2 gxf6 35. exf6 Kf7 36. Rd1 Rg8+ 37. Kf3 Rg5 38. Kf4 h6 39. h4 Rh5 40. Kg4 Nf2+ 41. Kxh5 Nxd1 42. Bd4 Ke6 43. Kxh6 Nc3 44. Bxc3 d4 45. Bxd4 1-0

[Event "GER Cup Net V2 U2000"]
[Site "Playchess.com INT"]
[Date "2020.05.22"]
[Round "6"]
[White "Sondermann, Dirk"]
[Black "Engemann, Till"]
[Result "1/2-1/2"]
[WhiteElo "1739"]
[BlackElo "1620"]
[PlyCount "210"]
[EventDate "2020.05.22"]
[EventType "swiss (blitz)"]
[EventRounds "9"]
[EventCountry "GER"]
[SourceTitle "EXT 2021"]
[Source "ChessBase"]
[SourceDate "2020.10.23"]
[SourceVersion "1"]
[SourceVersionDate "2020.10.23"]
[SourceQuality "1"]

1. d4 d5 2. Nf3 e6 3. e3 Nf6 4. Bd3 Bd6 5. Nbd2 0-0 6. b3 c5 7. Bb2 Nbd7 8. 0-0 Re8 9. Ne5 Qc7 10. f4 b6 11. Qe2 Bb7 12. Rac1 Ne4 13. Bb5 Bxe5 14. fxe5 a6 15. Bd3 Nf8 16. Nf3 b5 17. c3 c4 18. Bb1 Ng6 19. Bxe4 dxe4 20. Ng5 Re7 21. Ba3 Rd7 22. Qh5 h6 23. Nxf7 Rxf7 24. Qxg6 Bd5 25. Bd6 Qd7 26. Rxf7 Qxf7 27. Qxf7+ Kxf7 28. Rf1+ Kg8 29. b4 Rc8 30. g3 Re8 31. Rf2 Rc8 32. Kg2 Re8 33. a3 Rc8 34. Rf4 Re8 35. Kh3 Rc8 36. g4 Re8 37. Kg3 Rc8 38. h4 g5 39. hxg5 hxg5 40. Rf6 Kg7 41. Rf2 Rh8 42. Be7 Rh1 43. Bf6+ Kg6 44. Bd8 Ra1 45. Rf6+ Kg7 46. Bc7 Rxa3 47. Bd6 Rxc3 48. Bf8+ Kg8 49. Bh6 Rxe3+ 50. Kf2 Rf3+ 51. Rxf3 exf3 52. Bxg5 Kf7 53. Bd2 Kg6 54. Kg3 Kf7 55. Bc3 Ke8 56. Bd2 Kd7 57. Bc3 Kc6 58. g5 Be4 59. Be1 Kd5 60. Bc3 Kc6 61. g6 Bxg6 62. Kxf3 Bd3 63. Kf4 Kd7 64. Kg5 Ke7 65. Kf4 Kf7 66. Kg5 Kg7 67. Bd2 Kf7 68. Bc3 Ke7 69. Kf4 Bf5 70. Ke3 Bh3 71. Kf4 Bg2 72. Ke3 Bd5 73. Kf4 Kd7 74. Ke3 Kc6 75. Kf4 Kb6 76. Ke3 Kb7 77. Kd2 Kb6 78. Kc2 Kc6 79. Kd2 Kb6 80. Ke3 Kb7 81. Kd2 a5 82. Ke3 a4 83. Kd2 Kc6 84. Ke3 Kd7 85. Kf4 Ke7 86. Kg5 Kf7 87. Bb2 Kg7 88. Bc3 a3 89. Kh5 Kf7 90. Kg5 Ke7 91. Kf4 Kd7 92. Ke3 Kc6 93. Kd2 Bf3 94. Ke3 Kd5 95. Ba1 Bh1 96. Bc3 Bg2 97. Kd2 Ke4 98. Kc2 Ke3 99. Kc1 Kd3 100. Ba1 c3 101. Kd1 Kxd4 102. Kc2 Be4+ 103. Kb3 Kd3 104. Bxc3 Bd5+ 105. Kxa3 Kxc3 1/2-1/2

[Event "GER Cup Net V2 U2000"]
[Site "Playchess.com INT"]
[Date "2020.05.22"]
[Round "9"]
[White "Sondermann, Dirk"]
[Black "Friemel, Reinhard"]
[Result "0-1"]
[WhiteElo "1706"]
[BlackElo "1646"]
[PlyCount "94"]
[EventDate "2020.05.22"]
[EventType "swiss (blitz)"]
[EventRounds "9"]
[EventCountry "GER"]
[SourceTitle "EXT 2021"]
[Source "ChessBase"]
[SourceDate "2020.10.23"]
[SourceVersion "1"]
[SourceVersionDate "2020.10.23"]
[SourceQuality "1"]

1. d4 d5 2. Nf3 e6 3. Bf4 c5 4. e3 Nc6 5. Nbd2 a6 6. Be2 b5 7. dxc5 Bxc5 8. 0-0 Nge7 9. Nb3 Bd6 10. Bxd6 Qxd6 11. c3 Bd7 12. e4 0-0 13. Re1 Rad8 14. e5 Qc7 15. Bf1 Ng6 16. Qe2 Na5 17. g3 Nxb3 18. axb3 Bc8 19. h4 Ne7 20. Qd3 g6 21. h5 f5 22. hxg6 hxg6 23. Ng5 Qb6 24. b4 Kg7 25. Bg2 Rh8 26. Rf1 Rh5 27. Nf3 Rdh8 28. Rfe1 Bb7 29. Nd4 Kf7 30. Bf3 Rh2 31. Rac1 Nc6 32. Rcd1 Nxd4 33. Qxd4 Qxd4 34. Rxd4 R2h6 35. b3 g5 36. Bg2 Ke7 37. c4 bxc4 38. bxc4 Rd8 39. c5 Bc6 40. Ra1 Bb5 41. Bf1 Bxf1 42. Kxf1 Rh1+ 43. Ke2 Rxa1 44. b5 axb5 45. c6 Rc8 46. Rb4 Ra5 47. Rxb5 Rxb5 0-1

[Event "GER Cup Net V2 U2000"]
[Site "Playchess.com INT"]
[Date "2020.05.22"]
[Round "1"]
[White "Sondermann, Dirk"]
[Black "Schulz, Gerhard1"]
[Result "1-0"]
[WhiteElo "1722"]
[BlackElo "1405"]
[PlyCount "29"]
[EventDate "2020.05.22"]
[EventType "swiss (blitz)"]
[EventRounds "9"]
[EventCountry "GER"]
[SourceTitle "EXT 2021"]
[Source "ChessBase"]
[SourceDate "2020.10.23"]
[SourceVersion "1"]
[SourceVersionDate "2020.10.23"]
[SourceQuality "1"]

1. d4 Nf6 2. Nf3 e6 3. c4 b6 4. g3 Bb7 5. Bg2 Be7 6. 0-0 0-0 7. Nc3 Ne4 8. Qc2 Nxc3 9. Qxc3 d5 10. Ne5 Nd7 11. cxd5 Nxe5 12. dxe5 Bxd5 13. Rd1 c6 14. e4 Qc7 15. exd5 1-0

[Event "GER Cup Net V2 U2000"]
[Site "Playchess.com INT"]
[Date "2020.05.22"]
[Round "2"]
[White "Wagner, Rainer"]
[Black "Sondermann, Dirk"]
[Result "1-0"]
[WhiteElo "1931"]
[BlackElo "1726"]
[PlyCount "71"]
[EventDate "2020.05.22"]
[EventType "swiss (blitz)"]
[EventRounds "9"]
[EventCountry "GER"]
[SourceTitle "EXT 2021"]
[Source "ChessBase"]
[SourceDate "2020.10.23"]
[SourceVersion "1"]
[SourceVersionDate "2020.10.23"]
[SourceQuality "1"]

1. d4 f5 2. Nf3 Nf6 3. g3 d6 4. b3 g6 5. Bb2 Bg7 6. c4 0-0 7. Bg2 a5 8. Nc3 Na6 9. 0-0 c6 10. Rc1 Qc7 11. Qc2 e5 12. c5 exd4 13. cxd6 Qxd6 14. Na4 Nb4 15. Qb1 Ne4 16. a3 Na6 17. Rfd1 c5 18. Nd2 b5 19. Nxe4 fxe4 20. Bxe4 Ra7 21. Nxc5 Nxc5 22. b4 Nxe4 23. Qxe4 Raf7 24. Bxd4 Bxd4 25. Rxd4 Qf6 26. f3 axb4 27. Rxb4 Bb7 28. Qd3 Rd8 29. Qb3 Qb6+ 30. Kg2 Ba6 31. Rf4 Rdf8 32. Rd1 Kg7 33. Qb2+ Kh6 34. Rh4+ Kg5 35. Rd5+ Rf5 36. f4# 1-0

[Event "GER Cup Net V1 U2000"]
[Site "Playchess.com INT"]
[Date "2020.05.19"]
[Round "8"]
[White "Bendrich, Thorsten"]
[Black "Sondermann, Dirk"]
[Result "1-0"]
[WhiteElo "1674"]
[BlackElo "1733"]
[PlyCount "121"]
[EventDate "2020.05.19"]
[EventType "swiss (blitz)"]
[EventRounds "9"]
[EventCountry "GER"]
[SourceTitle "EXT 2021"]
[Source "ChessBase"]
[SourceDate "2020.10.23"]
[SourceVersion "1"]
[SourceVersionDate "2020.10.23"]
[SourceQuality "1"]

1. Nc3 f5 2. e4 fxe4 3. Nxe4 Nf6 4. Nxf6+ exf6 5. Bc4 d5 6. Bb3 c6 7. d4 g6 8. Nf3 Bg7 9. 0-0 0-0 10. Bf4 Bg4 11. h3 Bxf3 12. Qxf3 Nd7 13. Rfe1 Qb6 14. c3 Rfe8 15. Bd6 f5 16. Bf4 Nf6 17. Be5 Ne4 18. Bf4 Qd8 19. Re2 Qd7 20. Rae1 Nf6 21. Qd3 Rxe2 22. Rxe2 Re8 23. Rxe8+ Qxe8 24. Qe3 Qxe3 25. Bxe3 Kf7 26. f3 Ke6 27. Kf2 Ne8 28. Bf4 h6 29. Bb8 a6 30. Ba7 Nd6 31. Bc5 Nb5 32. Ke3 g5 33. c4 Nc7 34. cxd5+ Nxd5+ 35. Kd3 f4 36. Ke4 Bf6 37. Bf8 h5 38. Bc4 b5 39. Bb3 a5 40. a3 a4 41. Ba2 Bd8 42. Bg7 Bc7 43. Kd3 Bd8 44. Be5 Be7 45. Bb1 Kd7 46. Ke2 Bd6 47. Bf5+ Kc7 48. Bg7 b4 49. axb4 Bxb4 50. Bh6 a3 51. bxa3 Bxa3 52. Bxg5 Nc3+ 53. Kd3 Nd5 54. Bg6 Bd6 55. Bxh5 Nb4+ 56. Ke4 Kb6 57. Bxf4 Be7 58. g4 Nc2 59. g5 Ne1 60. g6 Ng2 61. g7 1-0

[Event "GER Cup Net V1 U2000"]
[Site "Playchess.com INT"]
[Date "2020.05.19"]
[Round "7"]
[White "Heinrich, John"]
[Black "Sondermann, Dirk"]
[Result "0-1"]
[WhiteElo "1112"]
[BlackElo "1733"]
[PlyCount "68"]
[EventDate "2020.05.19"]
[EventType "swiss (blitz)"]
[EventRounds "9"]
[EventCountry "GER"]
[SourceTitle "EXT 2021"]
[Source "ChessBase"]
[SourceDate "2020.10.23"]
[SourceVersion "1"]
[SourceVersionDate "2020.10.23"]
[SourceQuality "1"]

1. e4 e6 2. d4 d5 3. Nc3 Bb4 4. e5 Ne7 5. a3 Bxc3+ 6. bxc3 c5 7. h4 Nbc6 8. Qg4 Nf5 9. Bd3 h5 10. Qd1 cxd4 11. cxd4 Nfxd4 12. f4 g6 13. Ne2 Nxe2 14. Qxe2 Qb6 15. Be3 Qa5+ 16. Bd2 Qc7 17. Rh3 Bd7 18. Rb1 Rc8 19. c4 Nd4 20. Qe3 dxc4 21. Qxd4 cxd3 22. Rxd3 Bc6 23. Rc3 Rd8 24. Qc5 Rd5 25. Qxa7 0-0 26. Be3 Qd7 27. Rbc1 Rd8 28. Kf2 Qe7 29. Bc5 Qxh4+ 30. g3 Qh2+ 31. Kf3 Rxc5+ 32. Ke3 Rxc3+ 33. Rxc3 Qxg3+ 34. Ke2 Qxc3 0-1

[Event "GER Cup Net V1 U2000"]
[Site "Playchess.com INT"]
[Date "2020.05.19"]
[Round "2"]
[White "Lehmann, Ruben"]
[Black "Sondermann, Dirk"]
[Result "1-0"]
[WhiteElo "1607"]
[BlackElo "1733"]
[PlyCount "33"]
[EventDate "2020.05.19"]
[EventType "swiss (blitz)"]
[EventRounds "9"]
[EventCountry "GER"]
[SourceTitle "EXT 2021"]
[Source "ChessBase"]
[SourceDate "2020.10.23"]
[SourceVersion "1"]
[SourceVersionDate "2020.10.23"]
[SourceQuality "1"]

1. d4 f5 2. h3 d5 3. c4 c6 4. Bf4 Nf6 5. Nd2 e6 6. Ngf3 Be7 7. e3 0-0 8. Bd3 Ne4 9. Ne5 Bd7 10. Qe2 Be8 11. 0-0-0 g5 12. Bh2 Qa5 13. Kb1 Qb4 14. Bxe4 fxe4 15. h4 Nd7 16. hxg5 Nxe5 17. Bxe5 1-0

[Event "GER Cup Net V1 U2000"]
[Site "Playchess.com INT"]
[Date "2020.05.19"]
[Round "5"]
[White "Meschke, Andreas"]
[Black "Sondermann, Dirk"]
[Result "1-0"]
[WhiteElo "1893"]
[BlackElo "1733"]
[PlyCount "115"]
[EventDate "2020.05.19"]
[EventType "swiss (blitz)"]
[EventRounds "9"]
[EventCountry "GER"]
[SourceTitle "EXT 2021"]
[Source "ChessBase"]
[SourceDate "2020.10.23"]
[SourceVersion "1"]
[SourceVersionDate "2020.10.23"]
[SourceQuality "1"]

1. e4 e6 2. d4 d5 3. Nc3 Bb4 4. e5 Ne7 5. Bd2 c5 6. Nb5 Bxd2+ 7. Qxd2 0-0 8. c3 cxd4 9. Nxd4 Nbc6 10. Ngf3 Nxd4 11. Nxd4 Nc6 12. f4 Qb6 13. Bd3 g6 14. Nf3 Bd7 15. 0-0-0 Rac8 16. h4 d4 17. c4 Nb4 18. Kb1 Bc6 19. h5 Nxd3 20. Qxd3 Bxf3 21. gxf3 Rfd8 22. Rd2 Qc6 23. b3 b5 24. cxb5 Qc3 25. Rhd1 Rd5 26. h6 Kf8 27. Rc2 Qxc2+ 28. Qxc2 Rxc2 29. Kxc2 g5 30. fxg5 Rxe5 31. Rxd4 Rxg5 32. Rd7 Rxb5 33. Rxa7 Rf5 34. Kb2 Rxf3 35. a4 Rf2+ 36. Ka3 Rh2 37. a5 Rxh6 38. a6 e5 39. Ra8+ Kg7 40. a7 Rh1 41. b4 Ra1+ 42. Kb3 f5 43. Kc4 e4 44. b5 e3 45. b6 e2 46. Re8 Rc1+ 47. Kd3 e1Q 48. Rxe1 Rxe1 49. a8Q Kf6 50. Qc6+ Kg5 51. Qc3 Re4 52. Qd2+ f4 53. b7 Re8 54. Qb4 Rd8+ 55. Ke2 Re8+ 56. Kf3 Rb8 57. Qxf4+ Kg6 58. Qxb8 1-0

[Event "GER Cup Net V1 U2000"]
[Site "Playchess.com INT"]
[Date "2020.05.19"]
[Round "3"]
[White "Sondermann, Dirk"]
[Black "Hein, Ralf1"]
[Result "1-0"]
[WhiteElo "1733"]
[BlackElo "1609"]
[PlyCount "113"]
[EventDate "2020.05.19"]
[EventType "swiss (blitz)"]
[EventRounds "9"]
[EventCountry "GER"]
[SourceTitle "EXT 2021"]
[Source "ChessBase"]
[SourceDate "2020.10.23"]
[SourceVersion "1"]
[SourceVersionDate "2020.10.23"]
[SourceQuality "1"]

1. d4 d5 2. Nf3 Nc6 3. Bf4 Nf6 4. e3 e6 5. c4 Bd6 6. Bg3 Bxg3 7. hxg3 dxc4 8. Nc3 0-0 9. Bxc4 a6 10. a4 Ne7 11. Qc2 Ng6 12. 0-0 c6 13. Rfd1 Qc7 14. Bd3 c5 15. Ne2 b6 16. dxc5 Qxc5 17. Qxc5 bxc5 18. Rdc1 Rb8 19. Rab1 Rd8 20. Bxg6 hxg6 21. Rxc5 Ne4 22. Rcc1 Nd2 23. Nxd2 Rxd2 24. Nd4 Bd7 25. b3 e5 26. Nc6 Bxc6 27. Rxc6 a5 28. Rc5 Ra8 29. Rxe5 Ra7 30. Rb5 f6 31. Rc1 Kh7 32. Rbc5 Rb2 33. R5c3 Rb7 34. R1c2 Rxc2 35. Rxc2 Rxb3 36. Rc5 Rb1+ 37. Kh2 Rb2 38. Rxa5 Rxf2 39. g4 Re2 40. Ra8 Rxe3 41. a5 Ra3 42. a6 g5 43. a7 Kg6 44. Kg1 Ra4 45. Kf2 Ra3 46. Ke2 Kf7 47. Kd2 g6 48. Kc2 f5 49. Kb2 Ra6 50. Kb3 f4 51. Kb4 Ra2 52. Kc5 Ke7 53. Rg8 Rxa7 54. Rg7+ Ke6 55. Rxa7 Ke5 56. Re7+ Kf6 57. Re2 1-0

[Event "GER-ch Net Amateur Gr-B Final"]
[Site "Playchess.com INT"]
[Date "2020.04.18"]
[Round "1"]
[White "Schulz, Marc Daniel"]
[Black "Sondermann, Dirk"]
[Result "0-1"]
[WhiteElo "1776"]
[BlackElo "1680"]
[PlyCount "78"]
[EventDate "2020.04.18"]
[EventType "swiss (blitz)"]
[EventRounds "13"]
[EventCountry "GER"]
[SourceTitle "CBM 195 Extra"]
[Source "ChessBase"]
[SourceDate "2020.05.31"]
[SourceVersion "1"]
[SourceVersionDate "2020.05.31"]
[SourceQuality "1"]

1. e4 e6 2. d4 d5 3. exd5 exd5 4. Bd3 Nc6 5. Ne2 Bd6 6. c3 Nge7 7. h3 Bf5 8. 0-0 Qd7 9. Bxf5 Nxf5 10. Bf4 0-0 11. Bxd6 Nxd6 12. Ng3 Rfe8 13. Nd2 g6 14. Qc2 f5 15. Rae1 Ne4 16. Ngxe4 fxe4 17. Re3 Ne7 18. Rfe1 Nf5 19. R3e2 c6 20. Nf1 Rf8 21. Ne3 Nxe3 22. Rxe3 Rf6 23. Rf1 Raf8 24. f3 exf3 25. Rfxf3 Rxf3 26. Rxf3 Rxf3 27. gxf3 Qxh3 28. Qg2 Qxg2+ 29. Kxg2 Kg7 30. Kg3 Kf6 31. Kg4 h5+ 32. Kf4 g5+ 33. Kg3 Kf5 34. b3 h4+ 35. Kg2 Kf4 36. Kf2 b6 37. a4 a5 38. b4 h3 39. bxa5 bxa5 0-1

[Event "GER-ch Net Amateur Gr-B Final"]
[Site "Playchess.com INT"]
[Date "2020.04.18"]
[Round "2"]
[White "Sondermann, Dirk"]
[Black "Hoppe, Frank"]
[Result "0-1"]
[WhiteElo "1680"]
[BlackElo "1780"]
[PlyCount "102"]
[EventDate "2020.04.18"]
[EventType "swiss (blitz)"]
[EventRounds "13"]
[EventCountry "GER"]
[SourceTitle "CBM 195 Extra"]
[Source "ChessBase"]
[SourceDate "2020.05.31"]
[SourceVersion "1"]
[SourceVersionDate "2020.05.31"]
[SourceQuality "1"]

1. d4 Nf6 2. Nf3 d5 3. e3 e6 4. Bd3 c5 5. b3 Nc6 6. Nbd2 Be7 7. Bb2 0-0 8. 0-0 a6 9. Ne5 Nxe5 10. dxe5 Nd7 11. f4 b5 12. c4 bxc4 13. bxc4 Bb7 14. Rb1 Bc6 15. Bxh7+ Kxh7 16. Qh5+ Kg8 17. Rf3 d4 18. Rh3 f5 19. exd4 cxd4 20. Qh7+ Kf7 21. Qh5+ g6 22. Qh7+ Ke8 23. Qxg6+ Rf7 24. Rh7 Nc5 25. Qxf7+ Kd7 26. Bxd4 Nb7 27. Rxb7+ Bxb7 28. Bc5 Qe8 29. Qxe7+ Qxe7 30. Rxe7+ Kc6 31. Bf2 Bc8 32. Rxe6+ Bxe6 33. c5 Kd5 34. Nf3 Rb8 35. h3 Rb2 36. Ng5 Bd7 37. h4 Rxa2 38. h5 Ra1+ 39. Kh2 Rf1 40. Bg3 Kxc5 41. h6 a5 42. h7 a4 43. h8Q a3 44. Qf6 a2 45. Qd6+ Kc4 46. Qxd7 a1Q 47. Qc6+ Kd4 48. Ne6+ Ke3 49. Qf3+ Rxf3 50. gxf3 Qa2+ 51. Kh1 Qxe6 0-1